Statistics for London Football Clubs

Click here to take the quiz!

General Stats

  • This quiz has been taken 1,912 times
    (639 since last reset)
  • The average score is 11 of 41

Answer Stats

Year FoundedAnswer% Correct
1886Arsenal
98%
1905Chelsea
95%
1882Tottenham Hotspur
93%
1895West Ham United
83%
1879Fulham
78%
1905Crystal Palace
77%
1882Queens Park Rangers
63%
1889Brentford
61%
2002AFC Wimbledon
57%
1905Charlton Athletic
56%
1885Millwall
56%
1881Leyton Orient
49%
1888Barnet
32%
1898Sutton United
24%
1992Dagenham & Redbridge
20%
1892Bromley
15%
2001Enfield Town
13%
1893Dulwich Hamlet
12%
1921Hampton and Richmond Borough
12%
1899Wealdstone
10%
1933Harrow Borough
8%
1974AFC Hayes
7%
2007Hayes and Yeading United
7%
1885Kingstonian
7%
1932Tooting and Mitcham United
7%
1963Welling United
7%
1908Hendon
6%
1905Carshalton Athletic
5%
1876Romford
5%
1946Wingate and Finchley
5%
1878Corinthian Casuals
4%
1860Cray Wanderers
4%
1919Metropolitan Police
4%
1923AFC Hornchurch
3%
1958Redbridge
3%
1871Uxbridge
3%
1944North Greenford United
2%
1920Hanwell Town
1%
1899Northwood
1%
1969Thamesmead
1%
1916VCD Athletic
1%

Score Distribution

Percentile by Number Answered

Percent of People with Each Score

Your Score History

You have not taken this quiz since the last reset